logo

Bir Sreshtho Munshi Abdur Rouf Library
Jhenaidah Cadet College

They all want to write : (Record no. 13929)

MARC details
000 -LEADER
fixed length control field 00950nam a2200301 a 4500
001 - CONTROL NUMBER
JCCL Control Number 13929
003 - CONTROL NUMBER IDENTIFIER
JCCL marc code BD-JhCC
005 - DATE AND TIME OF LATEST TRANSACTION
control field 20240516091524.0
008 - FIXED-LENGTH DATA ELEMENTS--GENERAL INFORMATION
fixed length control field 850312s1984 ctu b 001 0 eng
020 ## - INTERNATIONAL STANDARD BOOK NUMBER
International Standard Book Number 020802042X
020 ## - INTERNATIONAL STANDARD BOOK NUMBER
International Standard Book Number 0208020438 (pbk.)
035 ## - SYSTEM CONTROL NUMBER
system control number (BD-JhCC)13929
040 ## - CATALOGING SOURCE
Original cataloging agency DLC
Transcribing agency DLC
Modifying agency DLC
041 ## - LANGUAGE CODE
Language code of Book eng
050 00 - LIBRARY OF CONGRESS CALL NUMBER
Classification number LB1576
Item number .B94 1984
082 00 - DEWEY DECIMAL CLASSIFICATION NUMBER
Classification number 372.623
DDC Edition number 19
100 1# - MAIN ENTRY--PERSONAL NAME
Personal name Burrows, Alvina Treut,
Dates associated with a name 1903-
245 10 - TITLE STATEMENT
Title They all want to write :
Remainder of title Written English in the elementary school /
Statement of responsibility, etc Alvina Treut Burrows, Doris C. Jackson, Dorothy O. Saunders.
250 ## - EDITION STATEMENT
Edition statement 4th ed.
260 ## - PUBLICATION, DISTRIBUTION, ETC. (IMPRINT)
Place of publication, distribution, etc Hamden, Conn. :
Name of publisher, distributor, etc Library Professional Publications,
Date of publication, distribution, etc 1984.
300 ## - PHYSICAL DESCRIPTION
Pagination 238 p. ;
Dimensions 24 cm.
500 ## - GENERAL NOTE
General note Includes index.
504 ## - BIBLIOGRAPHY, ETC. NOTE
Bibliography, etc Bibliography: p. 229-236.
650 #0 - SUBJECT ADDED ENTRY--TOPICAL TERM
Topical term or geographic name as entry element English language
General subdivision Composition and exercises.
700 1# - ADDED ENTRY--PERSONAL NAME
Personal name Jackson, Doris C.,
Dates associated with a name 1908-
700 1# - ADDED ENTRY--PERSONAL NAME
Personal name Saunders, Dorothy O.,
Dates associated with a name 1906-
942 ## - ADDED ENTRY ELEMENTS (KOHA)
Source of classification or shelving scheme Dewey Decimal Classification
Koha item type Books
Holdings
Source of classification or shelving scheme Damaged status Not for loan Home library Current library Shelving location Date of accession Total Checkouts Full call number Barcode Date last seen Copy number Method of acquisition Koha item type Currency
Dewey Decimal Classification     JCC Rouf Library JCC Rouf Library General Stacks     372.623 BUR 1984 19470 05/16/2024 C-1 Purchase Books BDT

JCC Library | Contacts | JCC Home

Last Update on 23 September 2017
Copyright @ 2017-2020 JCC Rouf Library
Rouf Library, Jhenidah Cadet College (JCC), Bangladesh